[Event "SSOBZ Cup Team 12th"]
[Site "Valpovo"]
[Date "2019.02.17"]
[Round "5.3"]
[White "Novak, Grgur"]
[Black "Roklicer, Heike"]
[Result "0-1"]
[WhiteElo "1936"]
[BlackElo "2042"]
[PlyCount "65"]
[EventDate "2019.02.15"]
[EventType "team-swiss"]
[EventRounds "5"]
[EventCountry "CRO"]
[SourceTitle "CBM 189 Extra"]
[Source "ChessBase"]
[SourceDate "2019.06.03"]
[SourceVersion "1"]
[SourceVersionDate "2019.06.03"]
[SourceQuality "1"]
[WhiteTeam "Osijek Hvidra"]
[BlackTeam "Donji Miholjac"]
[WhiteTeamCountry "CRO"]
[BlackTeamCountry "CRO"]

1. e4 c6 2. d4 d5 3. exd5 cxd5 4. c4 Nc6 5. Nc3 Nf6 6. cxd5 Nxd5 7. Bc4 e6 8. Nf3 Bb4 9. Qc2 Nb6 10. Bb5 Bd7 11. 0-0 Ne7 12. Bd3 Bc6 13. Bb5 0-0 14. Bxc6 Nxc6 15. Be3 Nd5 16. Nxd5 Qxd5 17. a3 Be7 18. Rac1 Rad8 19. Rfd1 h6 20. h3 f5 21. Qd2 Kh7 22. Bf4 Rg8 23. Be5 g5 24. Rc3 g4 25. hxg4 Rxg4 26. Bg3 Rdg8 27. Rd3 Bg5 28. Qc2 Bf6 29. Ne5 R8g7 30. Nxc6 bxc6 31. Rc1 Bxd4 32. Rcd1 Rxg3 33. Rxg3 0-1

[Event "CRO-chT2 Ost"]
[Site "Croatia"]
[Date "2015.10.25"]
[Round "10.55"]
[White "Novak, Grgur"]
[Black "Babic, Andrija"]
[Result "1-0"]
[WhiteElo "1913"]
[BlackElo "2061"]
[PlyCount "89"]
[EventDate "2015.04.25"]
[EventType "team-tourn"]
[EventRounds "11"]
[EventCountry "CRO"]
[SourceTitle "EXT 2016"]
[Source "ChessBase"]
[SourceDate "2015.10.08"]
[SourceVersion "1"]
[SourceVersionDate "2015.10.08"]
[SourceQuality "1"]

1. e4 c5 2. Nf3 d6 3. d4 cxd4 4. Nxd4 Nf6 5. Nc3 g6 6. Bd3 Bg7 7. Qe2 0-0 8. Nb3 Nc6 9. Bd2 Nb4 10. 0-0-0 Nxd3+ 11. Qxd3 Ng4 12. Qe2 Ne5 13. f3 Be6 14. h4 h5 15. Nd5 Rc8 16. Bg5 Re8 17. Kb1 Bxd5 18. Rxd5 Nc4 19. Bc1 a5 20. a4 e6 21. Rb5 b6 22. g4 hxg4 23. fxg4 d5 24. h5 g5 25. h6 Be5 26. Rh5 f6 27. exd5 exd5 28. Qd3 Qd7 29. Rxd5 Qh7 30. Qd1 Rc7 31. Rd8 Qg6 32. Qd5+ Kh7 33. Rd7+ Rxd7 34. Qxd7+ Kh8 35. Nd4 Bxd4 36. Qxd4 Ne5 37. Qxb6 Nxg4 38. Rxg5 Qe4 39. Rxg4 Qxg4 40. Qxf6+ Kg8 41. h7+ Kxh7 42. Qf7+ Qg7 43. Qxe8 Qd4 44. b3 Qb4 45. Qf7+ 1-0

[Event "CRO-chT2 Ost"]
[Site "Croatia"]
[Date "2015.04.26"]
[Round "3.35"]
[White "Novak, Grgur"]
[Black "Hodak, Stevo"]
[Result "0-1"]
[WhiteElo "1905"]
[BlackElo "2237"]
[PlyCount "54"]
[EventDate "2015.04.25"]
[EventType "team-tourn"]
[EventRounds "11"]
[EventCountry "CRO"]
[SourceTitle "EXT 2016"]
[Source "ChessBase"]
[SourceDate "2015.10.08"]
[SourceVersion "1"]
[SourceVersionDate "2015.10.08"]
[SourceQuality "1"]

1. e4 e5 2. Nf3 Nc6 3. d4 exd4 4. Nxd4 Nf6 5. Nc3 Bb4 6. Nxc6 bxc6 7. Bd3 d5 8. exd5 cxd5 9. 0-0 0-0 10. Bg5 c6 11. Qf3 Be7 12. Rfe1 Be6 13. Bf5 Bxf5 14. Qxf5 Rb8 15. Na4 h6 16. Be3 a5 17. Rad1 Re8 18. b3 Qc8 19. Qd3 Bd6 20. h3 Qc7 21. Qf5 Re5 22. Qf3 Rbe8 23. Bd2 Ne4 24. Bf4 Ng5 25. Qc3 Rxe1+ 26. Rxe1 Rxe1+ 27. Qxe1 Bxf4 0-1

[Event "CRO-chT2 East"]
[Site "Croatia"]
[Date "2014.05.10"]
[Round "5.24"]
[White "Novak, Grgur"]
[Black "Miletic, Josip"]
[Result "0-1"]
[WhiteElo "1897"]
[BlackElo "2217"]
[PlyCount "62"]
[EventDate "2014.04.26"]
[EventType "team-tourn"]
[EventRounds "11"]
[EventCountry "CRO"]
[SourceTitle "EXT 2019"]
[Source "ChessBase"]
[SourceDate "2018.10.10"]
[SourceVersion "1"]
[SourceVersionDate "2018.10.10"]
[SourceQuality "1"]

1. e4 d6 2. d4 Nf6 3. Nc3 c6 4. Nf3 Nbd7 5. Bc4 b5 6. Bd3 e5 7. Bg5 Be7 8. d5 cxd5 9. Bxf6 Bxf6 10. Nxd5 a6 11. h4 Bb7 12. g4 Nc5 13. Qe2 Bxd5 14. exd5 Qa5+ 15. Kf1 Qb4 16. g5 Qxb2 17. Re1 Be7 18. h5 Qxa2 19. g6 hxg6 20. Nxe5 Qxd5 21. Nf3 Ra7 22. Qe3 Rxh5 23. Rg1 Rc7 24. Be2 Ne6 25. Qb6 Qb7 26. Qe3 Rh3 27. Qd3 Nf4 28. Qe3 Nxe2 29. Kxe2 Rxf3 30. Qxf3 Rxc2+ 31. Ke3 Rc3+ 0-1

[Event "CRO-chT2 East"]
[Site "Croatia"]
[Date "2014.04.26"]
[Round "2.65"]
[White "Hodak, Stevo"]
[Black "Novak, Grgur"]
[Result "1-0"]
[WhiteElo "2232"]
[BlackElo "1897"]
[PlyCount "141"]
[EventDate "2014.04.26"]
[EventType "team-tourn"]
[EventRounds "11"]
[EventCountry "CRO"]
[SourceTitle "EXT 2019"]
[Source "ChessBase"]
[SourceDate "2018.10.10"]
[SourceVersion "1"]
[SourceVersionDate "2018.10.10"]
[SourceQuality "1"]

1. e4 c5 2. Nf3 d6 3. Bb5+ Bd7 4. Bxd7+ Nxd7 5. d4 cxd4 6. Qxd4 Ngf6 7. 0-0 e6 8. c4 Qc7 9. Nc3 a6 10. b3 Be7 11. Bg5 Rc8 12. Rac1 h6 13. Bh4 0-0 14. Bg3 Nh5 15. Rfd1 Nxg3 16. hxg3 Rfd8 17. Na4 Qa5 18. Qd2 Qh5 19. Qe3 Qa5 20. Qd2 Qc7 21. Qb4 Bf8 22. Qd2 b6 23. Qe3 Be7 24. Nb2 a5 25. Na4 Bf6 26. Nd4 Bg5 27. f4 Be7 28. Nb5 Qb8 29. Rd3 Nc5 30. Nxc5 dxc5 31. Rcd1 Rxd3 32. Rxd3 Rd8 33. e5 f6 34. exf6 Rxd3 35. Qxe6+ Kh8 36. fxg7+ Kxg7 37. Qxe7+ Kg8 38. Qe6+ Kg7 39. Qe7+ Kg8 40. Qe6+ Kg7 41. Qg4+ Kh8 42. Qg6 Rd1+ 43. Kh2 Qf8 44. Nc3 Rd6 45. Qh5 Kh7 46. Nd5 Rg6 47. Qe5 Qg7 48. Qe4 Kh8 49. Qf3 Rd6 50. f5 Qf7 51. f6 Re6 52. g4 Kh7 53. Qf5+ Kh8 54. Qf4 Kh7 55. Qf5+ Kh8 56. Qf2 Kh7 57. Qf5+ Kh8 58. Qd3 Re5 59. Qg3 Re6 60. Qh3 Rxf6 61. Qc3 Kg7 62. Kg3 Kg6 63. Qxf6+ Qxf6 64. Nxf6 Kxf6 65. Kh4 Kg6 66. g3 Kf6 67. Kh5 Kg7 68. g5 hxg5 69. Kxg5 Kf7 70. Kf5 Kg7 71. Ke6 1-0

[Event "Osijek op"]
[Site "Osijek"]
[Date "2013.02.24"]
[Round "7.30"]
[White "Radman, Marijan"]
[Black "Novak, Grgur"]
[Result "1-0"]
[WhiteElo "1739"]
[BlackElo "1931"]
[PlyCount "125"]
[EventDate "2013.02.21"]
[EventType "swiss"]
[EventRounds "7"]
[EventCountry "CRO"]
[SourceTitle "EXT 2014"]
[Source "ChessBase"]
[SourceDate "2013.11.20"]
[SourceVersion "1"]
[SourceVersionDate "2013.11.20"]
[SourceQuality "1"]

1. d4 Nf6 2. c4 e6 3. Bg5 c5 4. e3 Be7 5. Nc3 a6 6. Nf3 h6 7. Bh4 cxd4 8. Nxd4 Nc6 9. Be2 Qb6 10. Qb3 Qxb3 11. Nxb3 Bb4 12. Bxf6 gxf6 13. Rc1 Ne5 14. a3 Be7 15. Nd4 Rb8 16. Nf3 d6 17. Nxe5 fxe5 18. Bf3 Bd7 19. Ke2 h5 20. Rhd1 f5 21. g3 e4 22. Bg2 Rc8 23. f3 exf3+ 24. Bxf3 Rc7 25. b3 b5 26. cxb5 axb5 27. Nb1 Rxc1 28. Rxc1 d5 29. Kf2 Bd6 30. a4 b4 31. Nd2 h4 32. Rh1 Ke7 33. g4 fxg4 34. Bxg4 Rc8 35. h3 Rc2 36. Ke2 Bc8 37. Rb1 Ba6+ 38. Ke1 Rc3 39. Be2 Bxe2 40. Kxe2 Bc5 41. Nf1 e5 42. Rd1 d4 43. Rd3 Ke6 44. exd4 exd4 45. Nd2 Rc2 46. Kd1 Ra2 47. Kc1 Ke5 48. Kb1 Ra3 49. Kb2 Bd6 50. Nc4+ Ke4 51. Rd1 Bc5 52. Nxa3 bxa3+ 53. Kc2 Bb4 54. Ra1 d3+ 55. Kd1 Kd4 56. a5 Bxa5 57. Rxa3 Bb4 58. Ra7 Kc3 59. Rh7 Kxb3 60. Rxh4 Bc3 61. Rh7 Kc4 62. Rf7 Kd4 63. Rf1 1-0

[Event "Osijek op"]
[Site "Osijek"]
[Date "2013.02.23"]
[Round "6.25"]
[White "Novak, Grgur"]
[Black "Vlaicevic, Marin"]
[Result "0-1"]
[WhiteElo "1931"]
[BlackElo "2016"]
[PlyCount "36"]
[EventDate "2013.02.21"]
[EventType "swiss"]
[EventRounds "7"]
[EventCountry "CRO"]
[SourceTitle "EXT 2014"]
[Source "ChessBase"]
[SourceDate "2013.11.20"]
[SourceVersion "1"]
[SourceVersionDate "2013.11.20"]
[SourceQuality "1"]

1. e4 e5 2. Nf3 Nc6 3. d4 exd4 4. Nxd4 Bc5 5. Nb3 Be7 6. Nc3 Nf6 7. Bf4 d6 8. Qd2 Be6 9. f3 Ne5 10. h4 Nh5 11. Bxe5 dxe5 12. Qxd8+ Rxd8 13. Nb5 Rd7 14. Rd1 Rxd1+ 15. Kxd1 Bxb3 16. axb3 Ng3 17. Rg1 Bc5 18. Nxc7+ Kd8 0-1

[Event "Osijek op"]
[Site "Osijek"]
[Date "2013.02.22"]
[Round "4.31"]
[White "Novak, Grgur"]
[Black "Hladnic, Emanuel"]
[Result "1/2-1/2"]
[WhiteElo "1931"]
[BlackElo "1825"]
[PlyCount "61"]
[EventDate "2013.02.21"]
[EventType "swiss"]
[EventRounds "7"]
[EventCountry "CRO"]
[SourceTitle "EXT 2014"]
[Source "ChessBase"]
[SourceDate "2013.11.20"]
[SourceVersion "1"]
[SourceVersionDate "2013.11.20"]
[SourceQuality "1"]

1. e4 c5 2. Nf3 d6 3. d4 cxd4 4. Nxd4 Nf6 5. Nc3 g6 6. Be3 Bg7 7. Qd2 Ng4 8. 0-0-0 Nxe3 9. Qxe3 Nc6 10. Nxc6 bxc6 11. h4 h5 12. f4 e5 13. Kb1 exf4 14. Qxf4 Rb8 15. Bc4 0-0 16. Bb3 Be5 17. Qh6 Bg7 18. Qe3 c5 19. Bd5 Qa5 20. Kc1 Qb4 21. Kd2 Kh7 22. a3 Qxb2 23. Rb1 Qxa3 24. Qd3 Ba6 25. Bc4 Rb4 26. Rxb4 cxb4 27. Bxa6 Bxc3+ 28. Ke2 Be5 29. Rh3 Kg7 30. Qxa3 bxa3 31. Rxa3 1/2-1/2

[Event "Osijek op"]
[Site "Osijek"]
[Date "2013.02.22"]
[Round "3.18"]
[White "Sokac, Marko"]
[Black "Novak, Grgur"]
[Result "1-0"]
[WhiteElo "2069"]
[BlackElo "1931"]
[PlyCount "51"]
[EventDate "2013.02.21"]
[EventType "swiss"]
[EventRounds "7"]
[EventCountry "CRO"]
[SourceTitle "EXT 2014"]
[Source "ChessBase"]
[SourceDate "2013.11.20"]
[SourceVersion "1"]
[SourceVersionDate "2013.11.20"]
[SourceQuality "1"]

1. e4 c5 2. Nc3 d6 3. f4 Nc6 4. Nf3 e6 5. Bc4 a6 6. a4 Nf6 7. 0-0 Be7 8. d3 d5 9. Bb3 dxe4 10. dxe4 Nd4 11. Bc4 0-0 12. Be3 Qc7 13. Ne5 b6 14. Kh1 Rd8 15. Bd3 Bb7 16. Qe1 Bd6 17. Nc4 Ng4 18. Qh4 Nxe3 19. Nxe3 Be7 20. Qh3 Rf8 21. f5 exf5 22. exf5 f6 23. Ncd5 Qd8 24. Bc4 Kh8 25. Rf4 b5 26. Qxh7+ 1-0

[Event "Osijek op"]
[Site "Osijek"]
[Date "2013.02.21"]
[Round "1.12"]
[White "Miletic, Josip"]
[Black "Novak, Grgur"]
[Result "1-0"]
[WhiteElo "2213"]
[BlackElo "1931"]
[PlyCount "55"]
[EventDate "2013.02.21"]
[EventType "swiss"]
[EventRounds "7"]
[EventCountry "CRO"]
[SourceTitle "EXT 2014"]
[Source "ChessBase"]
[SourceDate "2013.11.20"]
[SourceVersion "1"]
[SourceVersionDate "2013.11.20"]
[SourceQuality "1"]

1. e4 c5 2. Nf3 d6 3. c3 Nf6 4. Be2 Nc6 5. d4 cxd4 6. cxd4 a6 7. 0-0 e6 8. Nc3 Be7 9. d5 exd5 10. exd5 Ne5 11. Nd4 0-0 12. f4 Ng6 13. a4 Re8 14. Kh1 Qa5 15. Bf3 Nh4 16. Nb3 Qb4 17. a5 Nxf3 18. Ra4 Bg4 19. gxf3 Qxa4 20. Nxa4 Bh3 21. Re1 Bf8 22. Nb6 Rxe1+ 23. Qxe1 Re8 24. Qg3 Bf5 25. Nd4 Bd3 26. Bd2 g6 27. f5 Be2 28. Nxe2 1-0